[Event "FIDE WY-U16 Olympiad 2022"]
[Site "Nakhchivan"]
[Date "2022.10.06"]
[Round "5.26"]
[White "Schnell, Sebastian Narayana"]
[Black "Isfandiyarli, Kamal"]
[Result "0-1"]
[WhiteElo "1847"]
[BlackElo "1585"]
[Annotator "NA RC COMBH"]
[PlyCount "56"]
[EventDate "2022.10.02"]
[EventType "team-tourn"]
[EventCountry "AZE"]
[SourceTitle "playchess.com"]
[Source "ChessBase"]
[SourceQuality "1"]
[WhiteTeam "Panama"]
[BlackTeam "Azerbaijan"]
[WhiteTeamCountry "PAN"]
[BlackTeamCountry "AZE"]

1. d4 Nf6 2. c4 g6 3. f3 d5 4. cxd5 Nxd5 5. e4 Nb6 6. Nc3 Bg7 7. Be3 O-O 8. Qd2 Nc6 9. O-O-O e5 10. d5 Nd4 11. Bh6 c6 12. Bxg7 Kxg7 13. dxc6 bxc6 14. g4 Be6 15. h4 Bxa2 16. Qe3 Bb3 17. Rd2 Bc4 18. Rf2 Bxf1 19. Rxf1 Nc4 20. Qd3 Nb3+ 21. Kc2 Qxd3+ 22. Kxd3 Rfd8+ 23. Kxc4 Nd2+ 24. Kc5 Nxf1 25. Nge2 Nd2 26. f4 exf4 27. Nxf4 Rab8 28. b4 a5 0-1

[Event "FIDE WY-U16 Olympiad 2022"]
[Site "Nakhchivan"]
[Date "2022.10.06"]
[Round "5.27"]
[White "Hajialiyev, Islam"]
[Black "Alizada, Pasham"]
[Result "0-1"]
[WhiteElo "1731"]
[BlackElo "1664"]
[Annotator "NA RC COMBH"]
[PlyCount "110"]
[EventDate "2022.10.02"]
[EventType "team-tourn"]
[EventCountry "AZE"]
[SourceTitle "playchess.com"]
[Source "ChessBase"]
[SourceQuality "1"]
[BlackTeam "Azerbaijan"]
[BlackTeamCountry "AZE"]

1. d4 Nf6 2. Bf4 d5 3. e3 c5 4. c3 Nc6 5. Nf3 Nh5 6. Bg5 h6 7. Bh4 g5 8. Bg3 g4 9. Ng1 Qb6 10. Qd2 Nxg3 11. hxg3 e5 12. dxe5 Be6 13. Ne2 Nxe5 14. Nf4 O-O-O 15. Nxe6 fxe6 16. Rh5 Bg7 17. Qc2 Rhf8 18. a4 a6 19. Nd2 c4 20. b3 Qc7 21. Rh4 Qf7 22. Nb1 cxb3 23. Qb2 Qf5 24. Qd2 Nc4 25. Bd3 Qf7 26. Bxc4 dxc4 27. Qe2 Rd3 28. Rxg4 Rxc3 29. Nxc3 Bxc3+ 30. Kf1 Bxa1 31. Qxc4+ Kb8 32. Rf4 Qe7 33. Qxb3 Rxf4 34. gxf4 Qd7 35. Ke2 Qc6 36. g4 Bf6 37. f3 b5 38. Kf2 Kb7 39. axb5 axb5 40. Kg3 Qc4 41. Qb1 b4 42. Qh7+ Ka6 43. Qxh6 Bc3 44. g5 b3 45. Qf8 b2 46. Qa8+ Kb5 47. g6 Qd3 48. Qb7+ Ka4 49. Qc6+ Ka3 50. g7 Bxg7 51. Qc5+ Kb3 52. Qb6+ Kc2 53. Qc6+ Bc3 54. Qa4+ Kd2 55. Qc2+ Kxc2 0-1

[Event "FIDE WY-U16 Olympiad 2022"]
[Site "Nakhchivan"]
[Date "2022.10.06"]
[Round "5.27"]
[White "Rzayev, Murad"]
[Black "Castillo Beitia, Ashley Alexandra"]
[Result "1/2-1/2"]
[WhiteElo "1699"]
[BlackElo "1674"]
[Annotator "NA RC COMBH"]
[PlyCount "107"]
[EventDate "2022.10.02"]
[EventType "team-tourn"]
[EventCountry "AZE"]
[SourceTitle "playchess.com"]
[Source "ChessBase"]
[SourceQuality "1"]
[WhiteTeam "Azerbaijan"]
[BlackTeam "Panama"]
[WhiteTeamCountry "AZE"]
[BlackTeamCountry "PAN"]

1. d4 d5 2. c4 c6 3. Nf3 Nf6 4. e3 a6 5. Bd3 Bg4 6. h3 Bh5 7. Nbd2 Nbd7 8. Qc2 Bxf3 9. Nxf3 Qc7 10. b3 e5 11. dxe5 Nxe5 12. Nxe5 Bb4+ 13. Kf1 Qxe5 14. Bb2 Qe7 15. a3 Bd6 16. g3 Be5 17. Bxe5 Qxe5 18. Kg2 O-O 19. Rhd1 Rad8 20. Rac1 g6 21. Qc3 Qe6 22. Be2 Rd7 23. Rd3 Rfd8 24. Rcd1 h5 25. h4 Qe7 26. Bf3 dxc4 27. Rxd7 Rxd7 28. Rxd7 Nxd7 29. bxc4 Ne5 30. Be2 Qd6 31. Qd4 Qe7 32. Bd1 Nd7 33. Bf3 Nf6 34. Qb2 Ne4 35. Qd4 Nc5 36. Qc3 Ne6 37. Qb2 f6 38. Qc2 Kg7 39. Qd3 Nc5 40. Qc2 Nd7 41. Qb2 Ne5 42. Be2 b5 43. cxb5 cxb5 44. Qc3 Qd6 45. e4 Qe7 46. Qd4 Nf7 47. Qd3 Nd6 48. f3 Nc4 49. a4 Nb2 50. Qd5 Nxa4 51. Qc6 Nc5 52. Kf1 b4 53. Qb6 b3 54. Bc4 1/2-1/2

[Event "FIDE WY-U16 Olympiad 2022"]
[Site "Nakhchivan"]
[Date "2022.10.06"]
[Round "5.28"]
[White "Rzali, Leyla"]
[Black "Shukurova, Aydan"]
[Result "0-1"]
[WhiteElo "1451"]
[BlackElo "1732"]
[Annotator "NA RC COMBH"]
[PlyCount "90"]
[EventDate "2022.10.02"]
[EventType "team-tourn"]
[EventCountry "AZE"]
[SourceTitle "playchess.com"]
[Source "ChessBase"]
[SourceQuality "1"]
[WhiteTeam "Azerbaijan"]
[BlackTeam "Azerbaijan"]
[WhiteTeamCountry "AZE"]
[BlackTeamCountry "AZE"]

1. e4 d5 2. exd5 Qxd5 3. Nc3 Qd6 4. d4 Nf6 5. Nf3 c6 6. h3 Bf5 7. Be3 Nbd7 8. Qd2 e6 9. a3 Nb6 10. Be2 Be7 11. Bf4 Qd8 12. Be5 O-O 13. O-O-O Nbd5 14. g4 Nxc3 15. Qxc3 Nd5 16. Qb3 Be4 17. Qxb7 Bg5+ 18. Kb1 Nf4 19. Bxf4 Bxf4 20. Qb3 Rb8 21. Qc3 Rb6 22. Rhe1 Qb8 23. Ne5 Rb3 24. Nd7 Rxc3 25. Nxb8 Rxb8 26. Bd3 Bxd3 27. Rxd3 Rxd3 28. cxd3 Bd2 29. Re4 Bc3 30. b4 Rd8 31. Kc2 Bxd4 32. f3 Kf8 33. Kb3 Ke7 34. Kc4 e5 35. a4 f6 36. Re2 Bb6 37. a5 Rd4+ 38. Kc3 Bc7 39. h4 a6 40. Re4 Rxe4 41. fxe4 Kd6 42. Kc4 Bb8 43. h5 Ba7 44. Kc3 Be3 45. Kc4 Bd2 0-1

[Event "FIDE WY-U16 Olympiad 2022"]
[Site "Nakhchivan"]
[Date "2022.10.06"]
[Round "5.29"]
[White "Chang, Sebastian"]
[Black "Levitan, Judah Nathan"]
[Result "0-1"]
[WhiteElo "1430"]
[BlackElo "1725"]
[Annotator "NA RC COMBH"]
[PlyCount "118"]
[EventDate "2022.10.02"]
[EventType "team-tourn"]
[EventCountry "AZE"]
[SourceTitle "playchess.com"]
[Source "ChessBase"]
[SourceQuality "1"]
[WhiteTeam "South Africa"]
[BlackTeam "South Africa"]
[WhiteTeamCountry "RSA"]
[BlackTeamCountry "RSA"]

1. e4 e5 2. Nf3 Nc6 3. Bc4 Bc5 4. c3 Nf6 5. d4 exd4 6. cxd4 Bb4+ 7. Nc3 Nxe4 8. O-O Bxc3 9. bxc3 d5 10. Bb5 O-O 11. Bxc6 bxc6 12. Qd3 a5 13. Re1 Ba6 14. Qe3 Re8 15. Ba3 f6 16. Nh4 Qd7 17. h3 Nd6 18. Qg3 Nc4 19. Bc5 Nb2 20. Ba3 Nc4 21. Bc5 Nd6 22. Bxd6 cxd6 23. Qf3 Rxe1+ 24. Rxe1 Re8 25. Rxe8+ Qxe8 26. Nf5 Qd7 27. Qf4 g5 28. Qg4 Kf8 29. Ne3 Qxg4 30. hxg4 Bd3 31. g3 Ke7 32. f4 h6 33. a4 Ke6 34. f5+ Kd7 35. Kf2 Kc7 36. Ke1 Bc4 37. Nd1 Bb3 38. Nb2 Kb6 39. Kd2 Ka6 40. Ke3 Kb6 41. Kd2 Kc7 42. Ke1 Kd7 43. Kd2 Ke7 44. Ke3 Kf7 45. Kf2 Kg7 46. Kg2 Bc2 47. Kf3 h5 48. gxh5 Bxf5 49. g4 Bc2 50. Kg3 Kh6 51. Kf3 f5 52. gxf5 Bxf5 53. Kg3 Kxh5 54. Nd1 Bc2 55. Nb2 g4 56. Kg2 Kh4 57. Kh2 g3+ 58. Kg2 Kg4 59. Kh1 Kf3 0-1

[Event "FIDE WY-U16 Olympiad 2022"]
[Site "Nakhchivan"]
[Date "2022.10.06"]
[Round "5.30"]
[White "Boshoma, Chisomo"]
[Black "Wang, Pei-Shan"]
[Result "1-0"]
[WhiteElo "1466"]
[BlackElo "1315"]
[Annotator "NA RC COMBH"]
[PlyCount "111"]
[EventDate "2022.10.02"]
[EventType "team-tourn"]
[EventCountry "AZE"]
[SourceTitle "playchess.com"]
[Source "ChessBase"]
[SourceQuality "1"]
[WhiteTeam "South Africa"]
[BlackTeam "South Africa"]
[WhiteTeamCountry "RSA"]
[BlackTeamCountry "RSA"]

1. e4 e5 2. Nf3 Nc6 3. Bc4 Bc5 4. c3 Nf6 5. d4 exd4 6. cxd4 Bb4+ 7. Bd2 Bxd2+ 8. Nbxd2 d6 9. O-O O-O 10. Re1 h6 11. Rc1 Na5 12. Bd3 Bg4 13. d5 b6 14. Qc2 Nb7 15. b4 Ne8 16. Ba6 Bc8 17. Nd4 Qf6 18. Nb5 Qe7 19. Nxc7 Nxc7 20. Qxc7 Qxc7 21. Rxc7 Rb8 22. Rec1 Re8 23. f3 Kf8 24. Nb3 Nc5 25. Bxc8 Nxb3 26. axb3 a5 27. bxa5 bxa5 28. Bd7 Re5 29. Rc8+ Rxc8 30. Rxc8+ Ke7 31. Bh3 g6 32. g4 Kf6 33. Kf2 Re7 34. Bf1 Rb7 35. Bc4 Ra7 36. Bb5 Ke5 37. Ke3 f5 38. gxf5 gxf5 39. Re8+ Kf6 40. Re6+ Kg5 41. f4+ Kg4 42. Be2+ Kh3 43. Rxh6+ Kg2 44. Rg6+ Kxh2 45. Kf2 Rh7 46. Bf1 fxe4 47. f5 Rh5 48. f6 e3+ 49. Kxe3 Rxd5 50. f7 Rf5 51. Bc4 d5 52. Bxd5 Rxd5 53. f8=Q Re5+ 54. Kd4 Rh5 55. Qf2+ Kh3 56. Qg3# 1-0

[Event "FIDE WY-U16 Olympiad 2022"]
[Site "Nakhchivan"]
[Date "2022.10.06"]
[Round "5.31"]
[White "Jacobs, Elsje"]
[Black "Price, Rowan Daelen"]
[Result "0-1"]
[WhiteElo "1168"]
[BlackElo "1329"]
[Annotator "NA RC COMBH"]
[PlyCount "74"]
[EventDate "2022.10.02"]
[EventType "team-tourn"]
[EventCountry "AZE"]
[SourceTitle "playchess.com"]
[Source "ChessBase"]
[SourceQuality "1"]
[WhiteTeam "South Africa"]
[BlackTeam "South Africa"]
[WhiteTeamCountry "RSA"]
[BlackTeamCountry "RSA"]

1. d4 Nf6 2. e3 d5 3. c4 e6 4. cxd5 exd5 5. Nc3 Be7 6. Bd3 O-O 7. Nge2 Nc6 8. O-O Bd6 9. Nb5 Nb4 10. Nxd6 Qxd6 11. Bb1 Re8 12. a3 Nc6 13. Nf4 Ne7 14. Bd2 c6 15. Ba2 Ng6 16. Nxg6 hxg6 17. f3 b6 18. Rc1 Ba6 19. Re1 Qd7 20. a4 Rac8 21. b4 g5 22. Kh1 g4 23. Bb1 Rcd8 24. Bc3 gxf3 25. gxf3 Qh3 26. Bd2 Rd6 27. Rg1 Nh5 28. f4 Nxf4 29. Rg3 Qh5 30. exf4 Re2 31. Qg1 Rxd2 32. Rxg7+ Kf8 33. Rg8+ Ke7 34. Qe3+ Re6 35. Qg3 Rd1+ 36. Rxd1 Qxd1+ 37. Kg2 Qf1# 0-1

[Event "FIDE WY-U16 Olympiad 2022"]
[Site "Nakhchivan"]
[Date "2022.10.06"]
[Round "5.32"]
[White "Nel, Hayley"]
[Black "Goliath, Brimarion"]
[Result "1/2-1/2"]
[WhiteElo "1191"]
[BlackElo "1394"]
[Annotator "NA RC COMBH"]
[PlyCount "90"]
[EventDate "2022.10.02"]
[EventType "team-tourn"]
[EventCountry "AZE"]
[SourceTitle "playchess.com"]
[Source "ChessBase"]
[SourceQuality "1"]
[WhiteTeam "South Africa"]
[BlackTeam "South Africa"]
[WhiteTeamCountry "RSA"]
[BlackTeamCountry "RSA"]

1. d4 d5 2. c4 e6 3. cxd5 exd5 4. Nc3 Nf6 5. Bg5 Be7 6. e3 b6 7. Qc2 Bb7 8. Nf3 O-O 9. Bd3 Nbd7 10. O-O Re8 11. Rac1 c5 12. Bxf6 Nxf6 13. Bb5 Rf8 14. Ne5 Rc8 15. dxc5 Bxc5 16. Rfd1 Qe7 17. Nf3 a6 18. Bd3 Rfd8 19. Bf5 Rc7 20. Nd4 Bc8 21. Bxc8 Rdxc8 22. Qb3 Bxd4 23. Rxd4 Ne4 24. Rcd1 Nxc3 25. bxc3 Rxc3 26. Qxb6 Qa3 27. Rxd5 h6 28. Ra5 Rc1 29. Rad5 Rxd1+ 30. Rxd1 Rc1 31. Qd8+ Kh7 32. Kf1 Rxd1+ 33. Qxd1 Qxa2 34. Ke1 g6 35. Qd2 Qa3 36. Qd7 Qa2 37. Qd2 Qb1+ 38. Qd1 Qb8 39. Qd5 Qc7 40. h3 Kg8 41. Qa8+ Kg7 42. Qxa6 Qc1+ 43. Ke2 Qc2+ 44. Kf3 Qf5+ 45. Kg3 Qe5+ 1/2-1/2

[Event "FIDE WY-U16 Olympiad 2022"]
[Site "Nakhchivan"]
[Date "2022.10.06"]
[Round "5.37"]
[White "Abdel Raouf, Zyad"]
[Black "Huseynli, Ayan"]
[Result "0-1"]
[WhiteElo "1609"]
[BlackElo "1492"]
[Annotator "NA RC COMBH"]
[PlyCount "66"]
[EventDate "2022.10.02"]
[EventType "team-tourn"]
[EventCountry "AZE"]
[SourceTitle "playchess.com"]
[Source "ChessBase"]
[SourceQuality "1"]
[WhiteTeam "Egypt"]
[BlackTeam "Azerbaijan"]
[WhiteTeamCountry "EGY"]
[BlackTeamCountry "AZE"]

1. e4 e6 2. d4 d5 3. exd5 exd5 4. Nf3 Bd6 5. Bd3 Bg4 6. O-O Ne7 7. c3 Nbc6 8. Re1 Qd7 9. Be3 f6 10. Nbd2 O-O-O 11. b4 Rdg8 12. a4 g5 13. a5 h5 14. Qb1 h4 15. b5 Nb8 16. b6 a6 17. bxc7 Qxc7 18. h3 Bxf3 19. Bf5+ Nxf5 20. Qxf5+ Qd7 21. Qxf3 f5 22. Kf1 f4 23. Qxd5 fxe3 24. Rxe3 Bf4 25. Qc5+ Qc6 26. Qf5+ Nd7 27. Re6 Qxc3 28. Rb1 Bxd2 29. Rxb7 Qc4+ 30. Kg1 Kxb7 31. Re7 Rd8 32. Rxd7+ Rxd7 33. Qxd7+ Ka8 0-1

[Event "FIDE WY-U16 Olympiad 2022"]
[Site "Nakhchivan"]
[Date "2022.10.06"]
[Round "5.38"]
[White "Bashirli, Saadat"]
[Black "Fahmi, Adham"]
[Result "1-0"]
[WhiteElo "1508"]
[BlackElo "1288"]
[Annotator "NA RC COMBH"]
[PlyCount "61"]
[EventDate "2022.10.02"]
[EventType "team-tourn"]
[EventCountry "AZE"]
[SourceTitle "playchess.com"]
[Source "ChessBase"]
[SourceQuality "1"]
[WhiteTeam "Azerbaijan"]
[BlackTeam "Egypt"]
[WhiteTeamCountry "AZE"]
[BlackTeamCountry "EGY"]

1. d4 e5 2. dxe5 d6 3. Nf3 Nc6 4. exd6 Bxd6 5. e4 Bg4 6. Bb5 Qe7 7. Bxc6+ bxc6 8. O-O Rd8 9. Qe2 Nf6 10. Nc3 h5 11. h3 Bxf3 12. Qxf3 Qe5 13. g3 g5 14. Qf5 Qxf5 15. exf5 Rg8 16. Re1+ Kd7 17. Be3 Rb8 18. Bd4 Nd5 19. Ne4 Be7 20. Rad1 Kc8 21. c4 Nb6 22. b3 Kb7 23. Kg2 Nd7 24. Bxa7 Rbd8 25. Bd4 f6 26. Bc3 Ne5 27. Bxe5 fxe5 28. f6 Bd6 29. c5 Be7 30. fxe7 Rde8 31. Nf6 1-0

[Event "FIDE WY-U16 Olympiad 2022"]
[Site "Nakhchivan"]
[Date "2022.10.06"]
[Round "5.39"]
[White "Mohamed Mostafa, Omar"]
[Black "Budagova, Leyla"]
[Result "1-0"]
[WhiteElo "1503"]
[BlackElo "1356"]
[Annotator "NA RC COMBH"]
[PlyCount "107"]
[EventDate "2022.10.02"]
[EventType "team-tourn"]
[EventCountry "AZE"]
[SourceTitle "playchess.com"]
[Source "ChessBase"]
[SourceQuality "1"]
[WhiteTeam "Egypt"]
[BlackTeam "Azerbaijan"]
[WhiteTeamCountry "EGY"]
[BlackTeamCountry "AZE"]

1. e4 c5 2. Nf3 Nc6 3. d3 d6 4. g3 g6 5. Bg2 Bg7 6. O-O Nf6 7. Re1 O-O 8. c3 Qc7 9. d4 cxd4 10. cxd4 Bg4 11. h3 Bxf3 12. Bxf3 Nd7 13. Be3 Qa5 14. Nc3 Nb6 15. Be2 Qb4 16. Nb5 Nc4 17. Bxc4 Qxc4 18. Nc7 Rac8 19. b3 Qb4 20. Nd5 Qa3 21. Qd2 e6 22. Nc3 Qb4 23. Red1 Rfd8 24. Rac1 a6 25. Kg2 h5 26. d5 Bxc3 27. Rxc3 Qxe4+ 28. f3 Qxd5 29. Rd3 Qf5 30. g4 Qb5 31. a4 Qa5 32. Qxa5 Nxa5 33. Bb6 Rc2+ 34. Kg3 Rdc8 35. Bxa5 d5 36. R3d2 hxg4 37. hxg4 R2c5 38. Bb4 R5c6 39. a5 b6 40. Rh1 bxa5 41. Bxa5 Rb8 42. b4 Kg7 43. Rdh2 Kf6 44. Rh8 Rxh8 45. Rxh8 Rd6 46. Rh1 e5 47. Re1 Rd7 48. Bb6 Rb7 49. Bc5 Rb5 50. Ra1 d4 51. Rxa6+ Kg7 52. Rb6 d3 53. Rxb5 d2 54. Bf8+ 1-0

[Event "FIDE WY-U16 Olympiad 2022"]
[Site "Nakhchivan"]
[Date "2022.10.07"]
[Round "6.1"]
[White "Hidalgo Diaz, Daniel"]
[Black "Kilic, Eray"]
[Result "0-1"]
[WhiteElo "2315"]
[BlackElo "2428"]
[Annotator "TA"]
[PlyCount "98"]
[EventDate "2022.10.02"]
[EventType "team-tourn"]
[EventCountry "AZE"]
[SourceTitle "playchess.com"]
[Source "ChessBase"]
[SourceQuality "1"]
[WhiteTeam "Cuba"]
[BlackTeam "Turkey"]
[WhiteTeamCountry "CUB"]
[BlackTeamCountry "TUR"]

1. d4 Nf6 2. Nf3 g6 3. e3 Bg7 4. Nbd2 O-O 5. b4 d5 6. Bb2 a5 7. b5 Nbd7 8. a4 c5 9. bxc6 bxc6 10. Nb3 Ne4 11. Nfd2 Nd6 12. Ba3 Re8 13. Be2 Nb6 14. Bc5 Nbc4 15. O-O Ba6 16. Nxc4 Nxc4 17. Nd2 Nb2 18. Qe1 Qc8 19. Ra2 Rb8 20. Nb3 Nc4 21. Nd2 Nb2 22. Nb3 Bxe2 23. Qxe2 Nc4 24. Raa1 e5 25. Qd3 Qc7 26. Rfe1 f5 27. Qc3 Rb7 28. Nd2 Nxd2 29. Qxd2 Reb8 30. f4 e4 31. Qe2 Bf8 32. Bxf8 Kxf8 33. Qa6 Rb4 34. c3 Qb6 35. Qf1 Rb2 36. c4 Kg7 37. cxd5 cxd5 38. Rac1 Rb7 39. Rc5 Qb4 40. Rxd5 Qxa4 41. Rc5 Rd2 42. g4 Qa2 43. gxf5 Rbb2 44. f6+ Kxf6 45. Rg5 Rxh2 46. Rg3 Kg7 47. Ra1 Qb3 48. Rc1 Rhc2 49. Rd1 Rf2 0-1

[Event "FIDE WY-U16 Olympiad 2022"]
[Site "Nakhchivan"]
[Date "2022.10.07"]
[Round "6.1"]
[White "Baranciuc, Alexandr"]
[Black "Wiratunga, Jenith"]
[Result "1/2-1/2"]
[WhiteElo "2121"]
[BlackElo "1824"]
[Annotator "TA"]
[PlyCount "105"]
[EventDate "2022.10.02"]
[EventType "team-tourn"]
[EventCountry "AZE"]
[SourceTitle "playchess.com"]
[Source "ChessBase"]
[SourceQuality "1"]
[WhiteTeam "Moldova"]
[BlackTeam "Sri Lanka"]
[WhiteTeamCountry "MDA"]
[BlackTeamCountry "SRI"]

1. c4 c5 2. Nf3 Nf6 3. Nc3 Nc6 4. e3 g6 5. d4 cxd4 6. exd4 d5 7. cxd5 Nxd5 8. Qb3 Nxc3 9. Bc4 Nd5 10. Bxd5 e6 11. Bxc6+ bxc6 12. O-O Bg7 13. Bf4 Qd5 14. Rfc1 O-O 15. Be5 f6 16. Bg3 Qxb3 17. axb3 Bd7 18. Ra5 Rf7 19. Bd6 Bf8 20. Bxf8 Kxf8 21. Nd2 Be8 22. Ne4 Rd8 23. Ra4 h6 24. f4 Kg7 25. Nc5 Rd6 26. Re1 Re7 27. Rea1 Kf7 28. h3 Rd5 29. Rc4 g5 30. fxg5 hxg5 31. Rf1 Kg6 32. Ne4 f5 33. Nc3 Ra5 34. Re1 Kf6 35. b4 Ra6 36. Re5 Rb7 37. g4 Bd7 38. gxf5 exf5 39. Re2 Be6 40. Rc5 Rxb4 41. Rce5 Bf7 42. Rf2 Bg6 43. Ne4+ Kg7 44. Nxg5 Kh6 45. Ne6 Ra1+ 46. Kh2 Rb1 47. Ree2 Rb3 48. Nc5 Rb4 49. Ne6 Rb3 50. Nc5 Rb4 51. Ne6 Rb3 52. Rg2 Bh5 53. Nc5 1/2-1/2

[Event "FIDE WY-U16 Olympiad 2022"]
[Site "Nakhchivan"]
[Date "2022.10.07"]
[Round "6.2"]
[White "Celik, Hasan Huseyin"]
[Black "Gonzalez Soler, Leduard Manuel"]
[Result "1-0"]
[WhiteElo "2323"]
[BlackElo "2251"]
[Annotator "TA"]
[PlyCount "59"]
[EventDate "2022.10.02"]
[EventType "team-tourn"]
[EventCountry "AZE"]
[SourceTitle "playchess.com"]
[Source "ChessBase"]
[SourceQuality "1"]
[WhiteTeam "Turkey"]
[BlackTeam "Cuba"]
[WhiteTeamCountry "TUR"]
[BlackTeamCountry "CUB"]

1. e4 c6 2. Nf3 d5 3. d3 dxe4 4. dxe4 Qxd1+ 5. Kxd1 Bg4 6. Be2 Nd7 7. Nfd2 Bxe2+ 8. Kxe2 e5 9. Nc4 O-O-O 10. Be3 b6 11. Nbd2 f6 12. Nb3 Bc5 13. Nxc5 Nxc5 14. Bxc5 bxc5 15. Rhd1 Ne7 16. c3 Kc7 17. Rxd8 Rxd8 18. Rd1 Rxd1 19. Kxd1 Nc8 20. Kc2 Nb6 21. Kb3 Nd7 22. Ne3 g6 23. h4 Kd6 24. Ka4 Ke6 25. Ka5 f5 26. f3 fxe4 27. fxe4 Nb8 28. g4 Kd6 29. Nc4+ Ke6 30. g5 1-0

[Event "FIDE WY-U16 Olympiad 2022"]
[Site "Nakhchivan"]
[Date "2022.10.07"]
[Round "6.2"]
[White "Kiriella, K G T S D"]
[Black "Cebotari, Stanislav"]
[Result "0-1"]
[WhiteElo "1907"]
[BlackElo "2047"]
[Annotator "TA"]
[PlyCount "152"]
[EventDate "2022.10.02"]
[EventType "team-tourn"]
[EventCountry "AZE"]
[SourceTitle "playchess.com"]
[Source "ChessBase"]
[SourceQuality "1"]
[WhiteTeam "Sri Lanka"]
[BlackTeam "Moldova"]
[WhiteTeamCountry "SRI"]
[BlackTeamCountry "MDA"]

1. e4 d6 2. d4 Nf6 3. Nc3 c6 4. f4 g6 5. Nf3 Bg7 6. e5 Nd5 7. Nxd5 cxd5 8. c3 Nc6 9. Bd3 Bg4 10. O-O Bxf3 11. Qxf3 e6 12. Be3 O-O 13. Qh3 f5 14. g4 Ne7 15. g5 Qb6 16. Rf2 Rac8 17. Re1 Kf7 18. Rfe2 Qc7 19. Bf2 dxe5 20. dxe5 Rh8 21. Qe3 Nc6 22. c4 d4 23. Qd2 Bf8 24. a3 a5 25. b3 Bxa3 26. Rb1 Bb4 27. Qd1 Bc5 28. h4 h5 29. Be1 Rhd8 30. Ra2 Bb4 31. Ra4 Bxe1 32. Qxe1 Nb4 33. Qd1 Qc5 34. Qf3 Rc7 35. Rba1 b6 36. Kf1 Qe7 37. Qd1 Rc5 38. Qf3 Qc7 39. Qd1 Qc6 40. Kf2 Qb7 41. Qd2 Rc7 42. R4a3 Na6 43. Kg3 Rdd7 44. Qg2 Nc5 45. Qxb7 Rxb7 46. Rd1 Ke7 47. Kf3 Kd8 48. Ke2 Kc7 49. Kf3 Rb8 50. Ke2 Kc6 51. Rda1 Na6 52. Ra4 Rf8 53. R4a3 Nc5 54. Rd1 Ne4 55. Kf3 Nc3 56. Rda1 Kc5 57. Kf2 Ra8 58. Ke1 Rda7 59. Kd2 Kb4 60. Kc2 Kc5 61. Kb2 a4 62. Bc2 Ra5 63. bxa4 R8a7 64. Kb3 Ne4 65. Bd3 Nd2+ 66. Kc2 Nxc4 67. Bxc4 Kxc4 68. Kd2 b5 69. Rc1+ Kd5 70. Rb3 Rxa4 71. Rxb5+ Ke4 72. Re1+ Kxf4 73. Kd3 Rc7 74. Rf1+ Kg4 75. Rb2 Rc3+ 76. Kd2 Kxh4 0-1

[Event "FIDE WY-U16 Olympiad 2022"]
[Site "Nakhchivan"]
[Date "2022.10.07"]
[Round "6.3"]
[White "Hernandez Izquierdo, Jose A."]
[Black "Ozkan, Taha"]
[Result "1/2-1/2"]
[WhiteElo "2140"]
[BlackElo "2299"]
[Annotator "TA"]
[PlyCount "147"]
[EventDate "2022.10.02"]
[EventType "team-tourn"]
[EventCountry "AZE"]
[SourceTitle "playchess.com"]
[Source "ChessBase"]
[SourceQuality "1"]
[WhiteTeam "Cuba"]
[BlackTeam "Turkey"]
[WhiteTeamCountry "CUB"]
[BlackTeamCountry "TUR"]

1. e4 e6 2. d4 d5 3. Nc3 Bb4 4. e5 c5 5. a3 Bxc3+ 6. bxc3 Qc7 7. Nf3 b6 8. Bb5+ Bd7 9. a4 Bxb5 10. axb5 Ne7 11. O-O O-O 12. Qd3 Nd7 13. Bg5 f6 14. exf6 gxf6 15. Bh6 Rf7 16. Rfe1 Nf5 17. Bc1 Nf8 18. Ba3 Nd6 19. Nd2 Rg7 20. c4 dxc4 21. Qf3 Qb7 22. Qxb7 Rxb7 23. dxc5 Nxb5 24. cxb6 Nxa3 25. Rxa3 Rxb6 26. Nxc4 Rc6 27. Ra4 Nd7 28. Rea1 a6 29. Kf1 Nc5 30. Rb4 Rd8 31. Ke1 Rd4 32. Rd1 Rh4 33. h3 Kg7 34. Rd8 Rc7 35. Nd6 Rxb4 36. Ne8+ Kf7 37. Nxc7 Rb7 38. Rc8 a5 39. Ne8 Rb1+ 40. Ke2 Nb7 41. Ra8 Ke7 42. c4 a4 43. Nc7 Nc5 44. Nb5 Rc1 45. Ra7+ Kf8 46. Nd6 Rc2+ 47. Ke3 e5 48. Ra5 Nb3 49. Rxa4 Rc3+ 50. Ke2 Rc2+ 51. Kf3 Nd4+ 52. Kg3 f5 53. Ra5 f4+ 54. Kh4 Rxf2 55. Rxe5 Rxg2 56. Re4 Nf3+ 57. Kh5 Kg8 58. h4 Rg6 59. Nf5 Kf8 60. Rxf4 Ne5 61. Ne3+ Kg7 62. Re4 Nf7 63. Ng4 Rc6 64. Ne3 Rg6 65. Rg4 Ne5 66. Rg5 Nf7 67. Rd5 Kf6 68. Ng4+ Ke6 69. Ra5 Nd6 70. Re5+ Kd7 71. Rd5 Ke6 72. Re5+ Kd7 73. Rd5 Ke6 74. Re5+ 1/2-1/2

[Event "FIDE WY-U16 Olympiad 2022"]
[Site "Nakhchivan"]
[Date "2022.10.07"]
[Round "6.3"]
[White "Bargan, Victoria"]
[Black "Nabil Nazar, Mohamed"]
[Result "0-1"]
[WhiteElo "1703"]
[BlackElo "1987"]
[Annotator "TA"]
[PlyCount "106"]
[EventDate "2022.10.02"]
[EventType "team-tourn"]
[EventCountry "AZE"]
[SourceTitle "playchess.com"]
[Source "ChessBase"]
[SourceQuality "1"]
[WhiteTeam "Moldova"]
[BlackTeam "Sri Lanka"]
[WhiteTeamCountry "MDA"]
[BlackTeamCountry "SRI"]

1. d4 d5 2. c4 e6 3. Nc3 c6 4. e3 Nf6 5. Nf3 Bd6 6. Qc2 O-O 7. Bd3 Nbd7 8. b3 e5 9. dxe5 Nxe5 10. Be2 dxc4 11. bxc4 Be6 12. Nxe5 Bxe5 13. O-O Re8 14. Rb1 Qc7 15. h3 Rad8 16. f4 Bxc3 17. Qxc3 Bf5 18. Rb3 Ne4 19. Qe1 Nc5 20. Qc3 Nxb3 21. axb3 Rd7 22. Bb2 f6 23. Rf3 Qd6 24. c5 Qd2 25. Bc4+ Be6 26. Bxe6+ Rxe6 27. Qc4 Rd5 28. Bd4 Qa5 29. Rg3 Kf7 30. Qc2 g6 31. Qd3 b6 32. f5 Rxf5 33. Kh2 bxc5 34. e4 Rf4 35. Bc3 Qc7 36. e5 fxe5 37. Kg1 e4 38. Qe3 Qd6 39. Kh2 h5 40. h4 Rxh4+ 41. Kg1 Qf4 42. Qe1 Rg4 43. Re3 h4 44. Bh8 Rg3 45. Re2 h3 46. Qa1 Rxg2+ 47. Rxg2 hxg2 48. Qg7+ Ke8 49. Qg8+ Kd7 50. Kxg2 e3 51. Qa8 e2 52. Bf6 e1=N+ 53. Kh3 Re3# 0-1

[Event "FIDE WY-U16 Olympiad 2022"]
[Site "Nakhchivan"]
[Date "2022.10.07"]
[Round "6.4"]
[White "Aydin, Gulenay"]
[Black "Caballero Ramos, Greter"]
[Result "1/2-1/2"]
[WhiteElo "2109"]
[BlackElo "1912"]
[Annotator "TA"]
[PlyCount "101"]
[EventDate "2022.10.02"]
[EventType "team-tourn"]
[EventCountry "AZE"]
[SourceTitle "playchess.com"]
[Source "ChessBase"]
[SourceQuality "1"]
[WhiteTeam "Turkey"]
[BlackTeam "Cuba"]
[WhiteTeamCountry "TUR"]
[BlackTeamCountry "CUB"]

1. e4 e6 2. d4 d5 3. Nd2 Nf6 4. e5 Nfd7 5. Ngf3 c5 6. c3 Nc6 7. Bd3 Qb6 8. O-O a5 9. Re1 cxd4 10. cxd4 Be7 11. Nf1 Nxd4 12. Be3 Nxf3+ 13. Qxf3 Qxb2 14. Bf4 O-O 15. Reb1 Qd4 16. Rd1 Qa4 17. Ne3 f5 18. Bc2 Qc6 19. Bb3 Nb6 20. Qg3 Qe8 21. Bg5 Bd7 22. Bxe7 Qxe7 23. Qf4 Rac8 24. Rab1 Bc6 25. Qd4 Na8 26. f4 Nc7 27. Qd2 a4 28. Bc2 Ra8 29. Bd3 a3 30. Nc2 Qc5+ 31. Kh1 Ra4 32. Nb4 Qd4 33. Nxc6 bxc6 34. Qc2 Qxf4 35. Qxc6 Ra7 36. Qb6 Rfa8 37. Qd6 Qh4 38. Rdc1 Qd8 39. Qb6 Qe7 40. Rc6 Kf7 41. g4 Ne8 42. gxf5 exf5 43. Bxf5 Qxe5 44. Be6+ Kf8 45. Qc5+ Re7 46. Rf1+ Nf6 47. Rc8+ Rxc8 48. Qxc8+ Re8 49. Qc5+ Re7 50. Qc8+ Re8 51. Qc5+ 1/2-1/2